000
00242nam a22000857a 4500
001
1235301
005
20250930122825.0
245
_a
EJDERHA TEHLİSE NASIL SAVUŞTURULUR
_c
KORKUNÇ GICIK III. HIÇKIRIK
260
_b
GÜNIŞIĞI KİTAPLIĞI YAYINLARI
999
_c
1235301
_d
1235301